Oprášené srdcovky

Staronový premiér plánuje pokračovať vo veľkých verejných projektoch. ktoré pred časom rozbiehal. Kontroverzné PPP. Debata o predĺžení širokorozchodnej železnice z Ruska a Ukrajiny cez Slovensko do Rakúska. Elektrina do plusu. Plány premiéra pre najbližšie roky.

Gespeichert in:
Bibliographische Detailangaben
1. Verfasser: Legéň, Marek
Format: Buchkapitel
Sprache:Slowakisch
Schlagworte:
Tags: Tag hinzufügen
Keine Tags, Fügen Sie das erste Tag hinzu!

MARC

LEADER 00000naa a2200000 4500
001 0150023
005 20231113075644.8
041 0 |a slo 
044 |a SK 
245 1 0 |a Oprášené srdcovky  |c Marek Legéň 
520 |a Staronový premiér plánuje pokračovať vo veľkých verejných projektoch. ktoré pred časom rozbiehal. Kontroverzné PPP. Debata o predĺžení širokorozchodnej železnice z Ruska a Ukrajiny cez Slovensko do Rakúska. Elektrina do plusu. Plány premiéra pre najbližšie roky. 
610 2 0 |a plánovanie hospodárske 
610 2 0 |a plánovanie strategické 
610 2 0 |a diaľnice 
610 2 0 |a Slovensko 
610 2 0 |a 2012 
100 1 |a Legéň, Marek